Lamb's questions and answers on marine diesel engines (Record no. 4089)

000 -LEADER
fixed length control field 00408nam a22001457a 4500
008 - FIXED-LENGTH DATA ELEMENTS--GENERAL INFORMATION
fixed length control field 200716b ||||| |||| 00| 0 eng d
082 00 - DEWEY DECIMAL CLASSIFICATION NUMBER
Classification number 623.87236
Item number L2181
100 ## - MAIN ENTRY--PERSONAL NAME
9 (RLIN) 785
Personal name Lamb, John
245 10 - TITLE STATEMENT
Title Lamb's questions and answers on marine diesel engines
260 ## - PUBLICATION, DISTRIBUTION, ETC. (IMPRINT)
Place of publication, distribution, etc London
Name of publisher, distributor, etc Charles Griffin & Co
Date of publication, distribution, etc 1950
300 ## - PHYSICAL DESCRIPTION
Extent 200 p.
365 ## - TRADE PRICE
Unit of pricing 11.09
650 #0 - SUBJECT ADDED ENTRY--TOPICAL TERM
Topical term or geographic name as entry element Marine Diesel Motors
942 ## - ADDED ENTRY ELEMENTS (KOHA)
Item type Books
Holdings
Withdrawn status Lost status Source of classification or shelving scheme Damaged status Not for loan Permanent location Current location Date acquired Source of acquisition Full call number Barcode Date last seen Koha item type
  Lost       IMU Kolkata IMU Kolkata 1952-10-30 Progressive 623.87236 L2181 00688 2020-07-16 Books
Designed and Maintained by IMU-KC Library, Kolkata Campus © Copyright All Rights Reserved

webs counters

Powered by Koha